Малкият Никола (Запис номер 179371)
[ съкратено ]
| 000 -Лидер | |
|---|---|
| Контролно поле с фиксирана дължина | 01577nam a2200385 c 4500 |
| 003 - Код на организацията, давaща контролен номер | |
| Контролно поле | BLK |
| 005 - Дата и час на последна редакция | |
| Контролно поле | 20250614133036.0 |
| 008 - Елементи от данни с фиксирана дължина | |
| fixed length control field | 180411b bul|||||r ||||||| ||bul|| |
| 010 ## - Наследен системен номер | |
| LC control number | KNG00188150000 |
| 020 ## - Международен стандартен номер на книга ISBN | |
| Международен стандартен номер на книга ISBN | 978-619-150-812-9 |
| 040 ## - Източник на каталожния запис | |
| Идентификатор на билиотеката - собственик на записа | BLK |
| 041 ## - Код за език | |
| Код за езика на текст/звукозапис или на отделно заглавие | Български |
| Код за езика КДБФ | Български |
| 072 #7 - Код за тематичната категория | |
| Код организация | bullib |
| Код за тематична категория | Н85 |
| Текст | Детска художествена литература Н |
| 080 ## - УДК | |
| Текстов определител УДК | Френска литература |
| УДК код - определител по УДК | 821.133.1 |
| УДК определител | -93-31 |
| УДК - код + определител | 821.133.1-93-31 |
| 100 1# - Редна дума - Автор | |
| Автор | Госини, Рьоне |
| Авторска отговорност | първи автор |
| R(LIN) | 55312 |
| 139 ## - Редно поле | |
| Редна дума | Госини, Рьоне и др. |
| Авторски знак | Гос - Г 70 |
| 245 10 - Сведения за заглавието | |
| Заглавие | Малкият Никола |
| Подзаглавни данни | Балонът и други неиздавани истории |
| Редно поле (дума) | Рьоне Госини; съавт. Жан-Жак Семпе; прев. Венелин Йовков Пройков. |
| 257 ## - Страна на издаване | |
| Страна на създаване/издаване | Франция |
| 260 ## - Област на издателските данни | |
| Име на издателя, разпространителя и проч. | Колибри |
| Година на издаване | 2016 |
| Печатница | София : Симолини |
| 300 ## - Физическа характеристика | |
| Страници | 168 с. |
| Илюстрации и др. | с ил. |
| Размери/Мащаб | 20 см |
| 380 ## - Жанр | |
| Жанр | Детска худож. лит. |
| 500 ## - Общи забележки | |
| Забележка | Ориг. загл. Le petit Nicolas - le ballfn et autres histoires inedites / Goscinny Sempe |
| 653 ## - Ключова дума – ненормативна | |
| Ключова дума | литература за деца |
| 653 ## - Ключова дума – ненормативна | |
| Ключова дума | детска литература |
| 659 ## - Тематичен бюлетин | |
| Тематичен бюлетин | Н |
| 700 1# - Други автори (авторска отговорност) | |
| Лично име | Семпе, Жан-Жак |
| Автороска отговорност (Описва отношението между автора и произведението) | съавт. |
| 9 (RLIN) | 119652 |
| 700 1# - Други автори (авторска отговорност) | |
| Лично име | Пройков, Венелин Йовков |
| Автороска отговорност (Описва отношението между автора и произведението) | прев. |
| 9 (RLIN) | 379987 |
| 852 ## - Местоположение | |
| Форматна сигнатура | Цб 280789 |
| Фондова буква | Детски отдел |
| 856 4# - Електронен адрес и достъп | |
| Електронен формат | pdf - файл |
| 856 4# - Електронен адрес и достъп | |
| Електронен формат | pdf - файл |
| 999 ## - СИСТЕМНИ КОНТРОЛНИ НОМЕРА | |
| Koha biblionumber | 179371 |
| Koha biblioitemnumber | 179371 |
| 942 ## - АРТИКУЛИ | |
| Вид на библиотечния материал | Книги |
| Скрит в OPAC | Не |
| Koha issues (borrowed), all copies | 19 |
| 944 ## - СЪЗДАВАНЕ И РЕДАКЦИЯ на ЗАПИСА | |
| Създаване/Редакция | Създаване |
| Дата на регистрацията/редакция | 01.06.2016 |
| Служител, извършил регистрацията/редакцията | 30552 |
| Статус, дата на статуса | Виолета Тройчева |
| 944 ## - СЪЗДАВАНЕ И РЕДАКЦИЯ на ЗАПИСА | |
| Създаване/Редакция | Редакция |
| Дата на регистрацията/редакция | 14.08.2017 |
| Служител, извършил регистрацията/редакцията | Пенка_Димитрова |
| 999 ## - СИСТЕМНИ КОНТРОЛНИ НОМЕРА | |
| Koha biblioitemnumber | 179371 |
| Код за отписване | Код за изгубен артикул | Източник на класификационната схема | Код за повреда | Коз за рестрикции | Код за отдаване | Артикулен № | Име на библиотеката - собственик | Име на библиотеката, в която се намира в момента | Статус (Текущо местоположение) | Дата на вписване в системата | Местоположение - отдел | Цена в лева | Инвентарен номер | Систематично азбучна сигнатура | Баркод | Номер на екземпляра | Цена в евро | Служебна бележка | Служебен тип на артикула |
|---|---|---|---|---|---|---|---|---|---|---|---|---|---|---|---|---|---|---|---|
| Не е изгубен | Universal Decimal Classification | Не е повреден | без рестрикции | заемане за дома | 307668 | Регионална библиотека "Любен Каравелов" Русе | Регионална библиотека "Любен Каравелов" Русе | Детски отдел | 2016-05-31 | Детски отдел | 9.00 | 120000800620 | ДХ 820/899/Г 70 | 120000800620 | 1 | 4.60 | Дост: Pk Вид: Ф N: 461 Дата: 30.05.2016 | Книги | |
| Не е изгубен | Не е повреден | без рестрикции | ползва се в читалня | 307669 | Регионална библиотека "Любен Каравелов" Русе | Регионална библиотека "Любен Каравелов" Русе | Хранилище | 2017-08-14 | Хранилище | 9.00 | 120000814081 | Цб 280789 | 120000814081 | 2 | 4.60 | Дост: Dp Вид: Д N: 28 Дата: 13.06.2017 | Книги | ||
| Не е изгубен | Universal Decimal Classification | Не е повреден | без рестрикции | заемане за дома | 678707 | Регионална библиотека "Любен Каравелов" Русе | Регионална библиотека "Любен Каравелов" Русе | Детски отдел | 2018-07-30 | Детски отдел | 9.90 | 120000822085 | ДХ 820/899/Г 70 | 120000822085 | 5.06 | Книги |